000 00543cam a2200193 4500500
005 20260405003225.0
041 _afre
042 _adc
100 1 0 _ade Oliveira, Victorine
_eauthor
245 0 0 _aElle, la mère
260 _c2021.
500 _a34
690 _aBeauvoir
690 _aEnfance
690 _aMère
690 _aroman
786 0 _nPhilosophie magazine | 146 | 2 | 2021-02-01 | p. 79-80 | 1951-1787
856 4 1 _uhttps://shs.cairn.info/magazine-philosophie-magazine-2021-2-page-79?lang=fr&redirect-ssocas=7080
999 _c2065510
_d2065510